Japan 1931-1945 : Militarism, Fascism, Japanism
Gorde:
| Formatua: | Liburua |
|---|---|
| Hizkuntza: | Undetermined |
| Argitaratua: |
Boston
D. C. Heath and Company
1963
|
| Gaiak: | |
| Etiketak: |
Etiketa erantsi
Etiketarik gabe, Izan zaitez lehena erregistro honi etiketa jartzen!
|
| Thư viện lưu trữ: | Trung tâm Học liệu Trường Đại học Cần Thơ |
|---|
| LEADER | 00513nam a2200193Ia 4500 | ||
|---|---|---|---|
| 001 | CTU_110929 | ||
| 008 | 210402s9999 xx 000 0 und d | ||
| 082 | |a 952.033 | ||
| 082 | |b J35 | ||
| 245 | 0 | |a Japan 1931-1945 : | |
| 245 | 0 | |b Militarism, Fascism, Japanism | |
| 245 | 0 | |c Ivan Morris edited | |
| 260 | |a Boston | ||
| 260 | |b D. C. Heath and Company | ||
| 260 | |c 1963 | ||
| 650 | |a Japan | ||
| 650 | |x Politics and government | ||
| 904 | |i M.Loan | ||
| 980 | |a Trung tâm Học liệu Trường Đại học Cần Thơ | ||